000 00572nam a22002057a 4500
003 OSt
005 20140310181807.0
008 130704t xxu||||| |||| 00| 0 eng d
022 _29780709713753
050 _aQ 164
_b.B592 2010
082 _aREF 507.8
_bB592 2010
245 _aThe big book of experiments :
_b An encyclopedia of science /
260 _aEngland :
_bBrown Watson,
_cc2010.
300 _a190 p. ;
_bill, col. ;
_c30 cm.
520 _a1. Experiments
521 _aBasic Ed. Students
541 _g18995
_j1
562 _e1
942 _2lcc
_cBK-GR
_kREF
999 _c3823
_d3823